| 000 | 00349nam a2200133Ia 4500 | ||
|---|---|---|---|
| 008 | 230917s9999||||xx |||||||||||||| ||und|| | ||
| 040 |
_e160818 _aMAIN |
||
| 041 | _aEnglish | ||
| 082 | _a370 R14Z | ||
| 100 | _aRam Kuwar | ||
| 245 | 0 | _aZila Sonepat ke gramin va shahri bachchon ke vyaktitava ka tulnatmak adhayayan | |
| 300 | _a127 p. | ||
| 942 | _cTH | ||
| 999 |
_c88908 _d88908 |
||